000 00480nam a2200181Ia 4500
005 20250317130347.0
008 008 250317s9999 xx 000 0 eng d
037 _aTextbook
040 _aFMSL
_beng
_cFMSL
041 _aeng
_2eng
084 _qFMSL
100 _aBlanchard K
_9739355
245 0 _aputting the one munite manager to work
260 _aWillo
_bWillo, Books
_c1983
300 _a96p
942 _cTB
999 _c1263437
_d1263437